Coupe de France 2022/2023 - Statistiques

Statistiques générales
  • Ce quiz a été pris 158 fois
  • Le résultat moyen est 28 sur 64
Statistiques - réponses
Réponse % Correct
Olympique de Marseille
98%
FC Nantes
96%
Toulouse
96%
Paris Saint-Germain
91%
Rennes
88%
Lille
87%
Olympique lyonnais
86%
RC Lens
86%
AS Monaco
84%
OGC Nice
82%
RC Strasbourg
81%
Angers
79%
FC Annecy
79%
Girondins de Bordeaux
78%
FC Lorient
77%
Brest
76%
Stade de Reims
75%
Montpellier
73%
AC Ajaccio
72%
Rodez
72%
AJ Auxerre
71%
Paris FC
70%
FC Metz
69%
Clermont Foot 63
68%
Grenoble
68%
Troyes
65%
SC Bastia
60%
Nîmes
54%
Pau
52%
Valenciennes
50%
Amiens SC
49%
Niort
43%
Chambéry
35%
Vierzon FC
35%
LB Châteauroux
31%
US Pays de Cassel
31%
USL Dunkerque
30%
Vendée Les Herbiers
25%
US Avranches
23%
Vannes
18%
Le Puy Foot 43
16%
Jura Sud
15%
Hyères 83
14%
ASM Belfort
13%
Bourges
13%
ES Thaon
13%
RC Pays de Grasse
13%
AF Vire
11%
Evreux
11%
FC Chamalières
11%
Lannion
11%
Wasquehal
11%
Aubagne
8%
FCO Strasbourg Koenigshoffen
8%
AS Châtaigneraie
6%
FC Loon-Plage
6%
Olympique Saint-Quentin
6%
Stade plabennécois
6%
US Granville
6%
Avoine Chinon Cinais
5%
ESA Linas-Montlhéry
5%
ES Villerupt Thil
4%
La Tamponnaise
4%
Stade pontivyen
4%
Aucun quiz correspondant
Distribution des résultats
% des personnes avec chaque résultat
Percentile par nombre de réponses
Votre historique - résultats
Vous n’avez pas pris ce quiz